000
00265nam a22001217a 4500
008
181207b xxu||||| |||| 00| 0 eng d
041
_a
eng
080
_a
370
100
_a
49
101
_a
EDU
245
_a
Harbrace College Handbook
_c
John.C.H
942
_2
udc
_c
BK
999
_c
52990
_d
52990